000 00487nam a2200121Ia 4500
008 220620s9999||||xx |||||||||||||| ||und||
100 _aDonovan, Peter||Dorris, Carl||Dorris, Carl E.||Sullivan, Lawrence R.||Sullivan, Lawrence
245 0 _aChinese Communist Materials at the Bureau of Investigation Archives, Taiwan
546 _aEnglish[eng]
650 _aSociology and anthropology
856 _uhttps://library.oapen.org/bitstream/20.500.12657/41827/1/9780472901838.pdf
942 _cEB
999 _c27040
_d27040